Využitie objektove orientovaného programovania pri simulácii systémov výkonovej elektrotechniky

Gespeichert in:
Bibliographische Detailangaben
1. Verfasser: Lorenc, Vladimír (Verfasst von)
Weitere Verfasser: Lipták, Neitus (Betreuung Doktorarbeit)
Format: Manuskript Buch
Sprache:Slowakisch
Veröffentlicht: Bratislava : STU v Bratislave FEI, 2003
Schlagworte:
Tags: Tag hinzufügen
Keine Tags, Fügen Sie das erste Tag hinzu!

MARC

LEADER 00000ntm a22000003a 4500
001 stu83206
005 20160719164731.0
008 040120s2003------------------------slo-d
040 |a STU  |b slo 
041 0 |a slo 
100 1 |a Lorenc, Vladimír  |4 aut 
245 1 |a Využitie objektove orientovaného programovania pri simulácii systémov výkonovej elektrotechniky 
260 |a Bratislava :  |b STU v Bratislave FEI,  |c 2003 
300 |a 56 s 
650 7 |a Elektroenergetické a silnoprúdové inžinierstvo  |2 stusub 
700 1 |a Lipták, Neitus  |4 ths